Connection of assualt bridges am-50 and hmb by providing an intermediate member. (Record no. 551068)
[ view plain ]
| 000 -LEADER | |
|---|---|
| fixed length control field | 00421nam a2200145 4500 |
| 082 ## - DEWEY DECIMAL CLASSIFICATION NUMBER | |
| Classification number | P-228. |
| 100 ## - MAIN ENTRY--PERSONAL NAME | |
| Personal name | Zahid. |
| 9 (RLIN) | 48015 |
| 245 ## - TITLE STATEMENT | |
| Title | Connection of assualt bridges am-50 and hmb by providing an intermediate member. |
| Statement of responsibility, etc. | Umais, Asif, Waqas, Shujah. |
| 260 ## - PUBLICATION, DISTRIBUTION, ETC. | |
| Place of publication, distribution, etc. | Risalpur: |
| Name of publisher, distributor, etc. | MCE. |
| Date of publication, distribution, etc. | 13-05-2002 |
| 300 ## - PHYSICAL DESCRIPTION | |
| Extent | 134 p.: |
| 526 ## - STUDY PROGRAM INFORMATION NOTE | |
| Program name | 0 |
| Interest level | 0 |
| Reading level | 0 |
| Title point value | P_228 |
| 650 ## - SUBJECT ADDED ENTRY--TOPICAL TERM | |
| Topical term or geographic name entry element | Project. |
| 700 ## - ADDED ENTRY--PERSONAL NAME | |
| Personal name | Faisal Muarik |
| 9 (RLIN) | 48016 |
| 942 ## - ADDED ENTRY ELEMENTS (KOHA) | |
| Source of classification or shelving scheme | |
| Koha item type | Book |
| Withdrawn status | Lost status | Source of classification or shelving scheme | Damaged status | Not for loan | Permanent Location | Current Location | Date acquired | Total Checkouts | Full call number | Barcode | Date last seen | Date last checked out | Price effective from | Koha item type | Public note |
|---|---|---|---|---|---|---|---|---|---|---|---|---|---|---|---|
| Military College of Engineering (MCE) | Military College of Engineering (MCE) | 12/02/2014 | 1 | P-228. | MCE-P-228 | 03/26/2015 | 03/26/2015 | 12/02/2014 | Book | Project |
